Schweizer Kantone nach Ausländeranteil - Statistiken

Allgemein
  • Dieses Quiz wurde 161 mal gespielt
  • Das Durchschnittsergebnis liegt bei 5 aus 10
Antwortstatistiken
Hint Antwort % Korrekt
40.5% Genf
97%
36.8% Basel-Stadt
72%
33.1% Waadt
62%
27.4% Zürich
57%
27.8% Ticino
42%
29.3% Zug
39%
25.8% Aargau
30%
26.6% Schaffhausen
26%
25.7% Thurgau
19%
25.3% Neuenburg
15%
Keine übereinstimmenden Quizze gefunden
Verteilung der Resultate
Anzahl Personen mit jedem Resultat
Perzentil nach korrekt beantworteten Fragen
Ihre Resultats-Entwicklung
Sie haben dieses Quiz noch nicht gespielt